000 00601nam a2200205Ia 4500
003 OSt
005 20230524163602.0
008 210423s1999 xx 000 0 und d
040 _cAL
041 _aeng
082 _a361.3
_223
_bPATS
100 _aPATEL (Chhayya),Ed
_9113053
245 _aSocial work practice: religio philosophical foundations
260 _bRawat Publications
_c1999
365 _b650
_cINR
650 _aSocial Problems & Services
_9113054
650 _aSocial Work
_9113055
906 _afoundations ; philosophical ; practice: ; religio ; Social ; work
942 _2ddc
_cBK
999 _c172966
_d172966